Majesty in motion (Record no. 5507)
[ view plain ]
| 000 -LEADER | |
|---|---|
| fixed length control field | 00572nam a22001937a 4500 |
| 005 - DATE AND TIME OF LATEST TRANSACTION | |
| control field | 20250513142729.0 |
| 008 - FIXED-LENGTH DATA ELEMENTS--GENERAL INFORMATION | |
| fixed length control field | 250513b |||||||| |||| 00| 0 eng d |
| 040 ## - CATALOGING SOURCE | |
| Transcribing agency | DepED Dasmarinas City |
| 245 ## - TITLE STATEMENT | |
| Title | Majesty in motion |
| 250 ## - EDITION | |
| Edition statement | July 2002 Vol. 202 No 1 |
| 490 ## - SERIES STATEMENT | |
| SERIES STATEMENT | National Geographic |
| 520 ## - SUMMARY, ETC. | |
| Summary, etc. | America's Nuclear Waste, Bald Eagles, Somalia, Hotspot: The Philippines, Secret Weapon of the Confederacy, The Big Bloom, 20024 |
| 650 ## - SUBJECT ADDED ENTRY--TOPICAL TERM | |
| General subdivision | NUCLEAR WASTE |
| 650 ## - SUBJECT ADDED ENTRY--TOPICAL TERM | |
| General subdivision | EAGLES |
| 650 ## - SUBJECT ADDED ENTRY--TOPICAL TERM | |
| General subdivision | PHILIPPINES |
| 650 ## - SUBJECT ADDED ENTRY--TOPICAL TERM | |
| General subdivision | THE HUNLEY |
| 650 ## - SUBJECT ADDED ENTRY--TOPICAL TERM | |
| General subdivision | THE BIG BLOOM |
| 942 ## - ADDED ENTRY ELEMENTS (KOHA) | |
| Source of classification or shelving scheme | Dewey Decimal Classification |
| Koha item type | Continuing Resources |
| 999 ## - | |
| -- | 5507 |
| -- | 5507 |
| Homebranch | current branch | Barcode |
|---|---|---|
| DepED Dasmarinas City | DepED Dasmarinas City | DSMSR072002-072 |
